| 000 | 00601ngm a2200241 4500 | ||
|---|---|---|---|
| 005 | 20170523161717.0 | ||
| 006 | a|||||r|||| 00| | | ||
| 008 | 160218b xxu||||| |||| 00| 0 spa d | ||
| 041 | _aspa | ||
| 082 | _a204 DVD | ||
| 100 |
_aCamargo Restrepo, Jorge _942766 |
||
| 245 | _aMercadeo para pequeños negocios II | ||
| 260 | _aMéxico | ||
| 260 | _bDacar | ||
| 260 | _c2003 | ||
| 300 | _a30 minutos | ||
| 650 |
_aMARKETING _92507 |
||
| 650 |
_aMERCADEO _9270 |
||
| 650 |
_aCICLO DE VIDA DEL PRODUCTO _910528 |
||
| 650 |
_aPRECIO _9637 |
||
| 650 |
_aPRODUCCIÓN _9706 |
||
| 942 | _cDVD | ||
| 999 |
_c9447 _d9447 |
||